Countries That Border BRICS - Sudden Death - Statistics

General Stats
  • This quiz has been taken 25 times
  • The average score is 8 of 15
Answers on the Grid
Answers color-coded by a green-red scale on the quiz's grid according to % correct below.
Sudan
South Sudan
Oman
Pakistan
Poland
Norway
France
Argentina
North Korea
Mongolia
Kyrgyzstan
Timor-Leste
Laos
Türkiye
Peru
Thailand
Japan
Uzbekistan
Romania
Greece
South Africa
Iran
Lebanon
Italy
Panama
Sweden
Chad
Nigeria
Tunisia
Canada
 
Answer Stats
Answer % Correct
North Korea
88%
Argentina
71%
Pakistan
71%
Mongolia
65%
Norway
65%
Peru
65%
Poland
65%
France
53%
Kyrgyzstan
53%
Laos
53%
Sudan
41%
Oman
29%
South Sudan
18%
Türkiye
18%
Timor-Leste
12%
No matching quizzes found
Score Distribution
Percent of People with Each Score
Percentile by Number Answered
Your Score History
You have not taken this quiz